00924njm a2200277Ia 4500001000600000003000900006005001700015008004100032040001300073040001300086041001100099100002000110100001800130100003700148245004500185250001100230260001100241260006200252300001700314300003000331500003300361505004900394650005700443700008300500700006300583C2293IT-RoPAU20220918181141.0131025s9999 xx 000 0 und d aIT-RoPAU cIT-RoPAU aLATINO aBattiato Franco eAutore musica gCodice autore musica SPICS: 9459 aMessa arcaica per soli, coro e orchestra a1a ed. aITALIA bL'OTTAVA SRLc1994 [1a Ed.:1994 - Ed. Lingua Orig.: 1994] aCOMPACT DISC c38 minuti (Testo: 0 pag.) aMusica religiosa, liturgica. aKyrie - Gloria - Credo - Sanctus - Agnus Dei aRELIGIOSO [COMPACT DISC]eCodice MATERIA SPICS: 9949 aBattiato FrancoeAutore testo e musicagCodice autore testo/musica SPICS: 9459 aBattiato FrancogCodice interprete SPICS: 9459eInterprete